| 000 -CABECERA |
| campo de control de longitud fija |
00823nam a2200241 a 4500 |
| 001 - NÚMERO DE CONTROL |
| campo de control |
$$a0000015935 |
| 005 - FECHA Y HORA DE LA ÚLTIMA TRANSACCIÓN |
| campo de control |
20200120221951.0 |
| 008 - DATOS DE LONGITUD FIJA--INFORMACIÓN GENERAL |
| campo de control de longitud fija |
001130s1997 esp0 gr0 000 d |
| 020 ## - NÚMERO INTERNACIONAL ESTÁNDAR DEL LIBRO |
| Número Internacional Estándar del Libro |
84-204-8139-4 |
| 090 ## - LOCALMENTE ASIGNADO TIPO-LC NÚMERO DE CLASIFICACIÓN (OCLC); NÚMERO DE CLASIFICACIÓN LOCAL (RLIN) |
| Número de clasificación (OCLC) (R) ; Numero de clasificación, CALL (RLIN) (NR) |
AC |
| Número cutter local (OCLC) ; Número de libro/Signatura topográfica íntegra, CALL (RLIN) |
CORcu |
| 100 0# - ENTRADA PRINCIPAL--NOMBRE DE PERSONA |
| Nombre de persona |
Cortazar, Julio |
| 245 10 - MENCIÓN DE TÍTULO |
| Título |
Cuentos completos / |
| Mención de responsabilidad, etc. |
Julio Cortazar. |
| 250 ## - MENCIÓN DE EDICIÓN |
| Mención de edición |
8a.ed. |
| 260 ## - PUBLICACIÓN, DISTRIBUCIÓN, ETC. |
| Lugar de publicación, distribución, etc. |
Madrid |
| Nombre del editor, distribuidor, etc. |
Alfaguara |
| Fecha de publicación, distribución, etc. |
1997 |
| 300 ## - DESCRIPCIÓN FÍSICA |
| Extensión |
2 v. |
| 490 ## - MENCIÓN DE SERIE |
| Mención de serie |
Colección UNESCO de obras representativas - Iberoamericana |
| 500 ## - NOTA GENERAL |
| Nota general |
Donación v.1 y v.2 Ej. 1 de Chicalá. Premio Santillana 2005 |
| 500 ## - NOTA GENERAL |
| Nota general |
Ejemplar 1 v.2 de Calle 63, Chicalá, ISBN 958-7041-64-X de 2004 |
| 500 ## - NOTA GENERAL |
| Nota general |
Ej. 2 del v.2, de Marichuela, donado por la Secretaría de Educación de Bogotá |
| 650 14 - PUNTO DE ACCESO ADICIONAL DE MATERIA--TÉRMINO DE MATERIA |
| Término de materia o nombre geográfico como elemento de entrada |
CUENTOS ARGENTINOS |
| 650 14 - PUNTO DE ACCESO ADICIONAL DE MATERIA--TÉRMINO DE MATERIA |
| Término de materia o nombre geográfico como elemento de entrada |
LITERATURA ARGENTINA |
| 650 14 - PUNTO DE ACCESO ADICIONAL DE MATERIA--TÉRMINO DE MATERIA |
| Término de materia o nombre geográfico como elemento de entrada |
LITERATURA ADULTOS |